Hetedik szakasz vallási, nemzeti és alkotmányos küzdelmek /
Elmentve itt :
| Szerző: | |
|---|---|
| Dokumentumtípus: | Cikk |
| Megjelent: |
1896
|
| Sorozat: | Kolligátum
|
| Kulcsszavak: | Magyarország története, Történelem - középiskola - tankönyv |
| Online Access: | http://misc.bibl.u-szeged.hu/24702 |
| LEADER | 00611nab a2200169 i 4500 | ||
|---|---|---|---|
| 001 | misc24702 | ||
| 005 | 20191111110630.0 | ||
| 008 | 171017s1896 hu o 0|| zxx d | ||
| 040 | |a SZTE Miscellanea Repozitórium |b hun | ||
| 041 | |a zxx | ||
| 100 | 1 | |a Mangold Lajos | |
| 245 | 1 | 0 | |a Hetedik szakasz |h [elektronikus dokumentum] : |b vallási, nemzeti és alkotmányos küzdelmek / |c Mangold Lajos |
| 260 | |c 1896 | ||
| 300 | |a 173-235 | ||
| 490 | 0 | |a Kolligátum | |
| 695 | |a Magyarország története, Történelem - középiskola - tankönyv | ||
| 856 | 4 | 0 | |u http://misc.bibl.u-szeged.hu/24702/1/011_025_173-235.pdf |z Dokumentum-elérés |